New Testament theology (Record no. 278676)

MARC details
000 -LEADER
fixed length control field 00612nam a2200205Ia 4500
008 - FIXED-LENGTH DATA ELEMENTS--GENERAL INFORMATION
fixed length control field 191130s1994##################000#0#eng##
020 ## - INTERNATIONAL STANDARD BOOK NUMBER
ISBN 9780198263883
082 ## - DEWEY DECIMAL CLASSIFICATION NUMBER
Classification number 202 HUR
100 ## - MAIN ENTRY--AUTHOR NAME
Personal name Caird, G. B
245 ## - TITLE STATEMENT
Title New Testament theology
Statement of responsibility, etc G.B. Caird ; completed and edited by L.D. Hurst
260 ## - PUBLICATION, DISTRIBUTION, ETC. (IMPRINT)
Place of publication Oxford
Name of publisher Oxford University Press
Year of publication 1994
300 ## - PHYSICAL DESCRIPTION
Number of Pages xix, 498 p. ; 22 cm
500 ## - GENERAL NOTE
General note Includes bibliographical references
650 ## - SUBJECT ADDED ENTRY--TOPICAL TERM
Topical Term Christianity -- Doctrines
700 ## - ADDED ENTRY--PERSONAL NAME
Personal name Hurst, L. D
991 ## -
-- 430770
Holdings
Withdrawn status Lost status Damaged status Not for loan Home library Current library Shelving location Date acquired Full call number Accession Number Price effective from Koha item type
        Anna Centenary Library Anna Centenary Library 3RD FLOOR, B WING 15.10.2020 202 HUR 199048 15.10.2020 English Books

Find us on the map